006090000a220012100045001000031000002450095000312600025001263000012001515000058001635020094002215200167003150010005004821 aBeltrán Rivera, Ezequiel10aHacia una acción pastoral a los desplazados por la violencia / Ezequiel Beltrán Rivera aMedellín, Colombia a112 Pag aTesis (licenciatura)--Seminario Bíblico de Colombia aPresidente del jurado: Jeannine Brabon; Jurado: Fermando Mosquera; Jurado: Marcos Witting a- Realidad existencial del desplazamiento interno actual - Mision integral de la iglesia a los desplazados - Propuesta pastoral a los desplazados por la violencia2804